Simulácie rôznych typov cenovej prémie nehnuteľností a ich vplyvy na odhady parametrov logaritmicko-lineárneho ekonometrického modelu

Simulácia niekoľkých typov cenových prémií a skúmanie rozdielov v bodových a intervalových odhadoch parametrov v logatimicko-lineárnom ekonometrickom modeli. Skúmaná percentuálna a konštantná cenová prémia.

Na minha lista:
Detalhes bibliográficos
Autor principal: Dluhoš, Martin, 1991-
Formato: Capítulo de Livro
Idioma:eslovaco
Assuntos:
Tags: Adicionar Tag
Sem tags, seja o primeiro a adicionar uma tag!

MARC

LEADER 00000nla a2200000 4500
001 0241490
005 20240502083648.1
041 0 |a slo 
044 |a CZ 
245 1 0 |a Simulácie rôznych typov cenovej prémie nehnuteľností a ich vplyvy na odhady parametrov logaritmicko-lineárneho ekonometrického modelu  |c Martin Dluhoš 
520 |a Simulácia niekoľkých typov cenových prémií a skúmanie rozdielov v bodových a intervalových odhadoch parametrov v logatimicko-lineárnom ekonometrickom modeli. Skúmaná percentuálna a konštantná cenová prémia. 
610 2 0 |a ceny 
610 2 0 |a prémie 
610 2 0 |a nehnuteľnosti 
610 2 0 |a modely analytické ekonometrické 
610 2 0 |a parametre ekonomické 
610 2 0 |a odhady 
100 1 |a Dluhoš, Martin, 1991-